| 000 | 00580nam a2200181 i 4500 | ||
|---|---|---|---|
| 001 | 28818 | ||
| 003 | ES-MaACL | ||
| 005 | 20230909063100.0 | ||
| 007 | t| | ||
| 008 | 030120s1883 sp ||||1| spa d | ||
| 100 | 1 |
_aBalaguer, Víctor, _d1824-1901 _924806 |
|
| 245 | 1 | 0 |
_aFundación de la Biblioteca del Museo de Villanueva y Geltrú / _cVíctor Balaguer. |
| 260 |
_aBarcelona : _b[s.n., _c1883] ( _fSuc. de Ramírez) |
||
| 300 |
_a37 p. : _b2 fot. ; _c16 cm. |
||
| 610 | 2 | 4 |
_aBiblioteca-Museo Balaguer. _9162200 |
| 852 |
_aES-MaACL _jG-13739 |
||
| 999 |
_c28818 _d28818 |
||